A study of drug addicts at the Bukit Mertajam Drug Rehabilitation Centre, Pulau Pinang /
محفوظ في:
| المؤلف الرئيسي: | |
|---|---|
| التنسيق: | أطروحة كتاب |
| اللغة: | English |
| منشور في: |
1988.
|
| الموضوعات: | |
| الوسوم: |
إضافة وسم
لا توجد وسوم, كن أول من يضع وسما على هذه التسجيلة!
|
| LEADER | 00905cam a2200253 a 4500 | ||
|---|---|---|---|
| 001 | u84897 | ||
| 003 | SIRSI | ||
| 008 | 891019s1988 my t 00 eng | ||
| 015 | |a X890082011 | ||
| 035 | |a AAJ-2293 | ||
| 040 | |a UMP | ||
| 043 | |a a-my-pp | ||
| 096 | |a WM270 |b Noohi 1988 | ||
| 100 | 0 | 0 | |a Noor Hidayah Ishak. |
| 245 | 1 | 2 | |a A study of drug addicts at the Bukit Mertajam Drug Rehabilitation Centre, Pulau Pinang / |c by Noor Hidayah Ishak. |
| 260 | |c 1988. | ||
| 300 | |a v, 112 leaves : |b ill. ; |c 29 cm. | ||
| 502 | |a Dissertation (M.P.H.) - Jabatan Perubatan Kemasyarakatan & Pencegahan, Fakulti Perubatan, Universiti Malaya, 1988. | ||
| 504 | |a Bibliography: leaves 91-96. | ||
| 650 | 2 | |a Substance Dependence |z Malaysia. | |
| 650 | 2 | |a Rehabilitation Centers |z Malaysia. | |
| 948 | |a 17/03/1991 |b 11/10/1995 | ||
| 596 | |a 2 | ||
| 999 | |a WM270 NOOHI 1988 |w LC |c 1 |i A502457505 |l STACKS |m P02MEDKL |r Y |s Y |t TESIS |u 1/10/1995 | ||
